[Event "East Lansing (Class B/1/7)"]
[Site "?"]
[Date "1995.??.??"]
[Round "?"]
[White "Nicolli, Randy"]
[Black "Eck, J."]
[Result "1-0"]
[WhiteElo "1745"]
[BlackElo "1630"]
[PlyCount "127"]
[EventDate "1995.??.??"]

{1/(7)} 1. f4 d5 2. b3 Nc6 3. Bb2 Bf5 4. e3 e6 5. Nf3 Be7 6. Bxg7 Bf6 7. Bxh8
Bxh8 8. d4 a6 9. Bd3 Bg4 10. O-O Nf6 11. Nbd2 Nb4 12. a3 Nxd3 13. cxd3 Qd6 14.
b4 c6 15. Qc2 Bxf3 16. Nxf3 Ng4 17. Rfe1 h5 18. Ne5 Qe7 19. Rac1 Bxe5 20. dxe5
Qh4 21. g3 Qd8 22. d4 f5 23. h3 Nh6 24. Qe2 Kd7 25. Qxh5 Qg8 26. Kf2 Qg7 27.
Rh1 Kc7 28. Rcg1 Rh8 29. Qf3 Qe7 30. g4 a5 31. g5 Ng8 32. bxa5 Qxa3 33. Ra1 Qd3
34. Qe2 Qc3 35. Ra2 Ne7 36. h4 Ng6 37. h5 Nxf4 38. exf4 Qxd4+ 39. Qe3 Qc4 40.
Qb6+ Kd7 41. Qxb7+ Ke8 42. Qc8+ Ke7 43. Qxh8 Qxa2+ 44. Kg3 Qb3+ 45. Kh4 Qf3 46.
Qf6+ Kd7 47. Qf7+ Kd8 48. Qf8+ Kd7 49. Qd6+ Kc8 50. Qxc6+ Kd8 51. Qd6+ Ke8 52.
Qxe6+ Kf8 53. Qxf5+ Ke8 54. Rh2 Qe3 55. h6 Qg1 56. Rh3 Qf2+ 57. Kh5 Qe2+ 58.
Kg6 Qa6+ 59. e6 Kd8 60. Qxd5+ Kc7 61. Qd7+ Kb8 62. Rb3+ Ka8 63. Qd8+ Ka7 64.
Qb8# 1-0

[Event "East Lansing (MOR/2/4)"]
[Site "?"]
[Date "1995.??.??"]
[Round "?"]
[White "Nicolli, Randy"]
[Black "Boyle, John"]
[Result "1-0"]
[WhiteElo "1755"]
[BlackElo "1605"]
[PlyCount "115"]
[EventDate "1995.??.??"]

{2/(4)} 1. f4 c5 2. b3 Nc6 3. Nf3 g6 4. Bb2 Nf6 5. Nc3 Bg7 6. Ne4 b6 7. Nxf6+
exf6 8. g3 O-O 9. Bg2 d5 10. O-O Be6 11. a3 Qd7 12. Re1 Rad8 13. d3 Rfe8 14.
Nd2 d4 15. e4 dxe3 16. Rxe3 Bg4 17. Rxe8+ Rxe8 18. Bxc6 Qxc6 19. Qxg4 f5 20.
Qf3 Qxf3 21. Nxf3 Bxb2 22. Ra2 Bc3 23. Kf2 h6 24. b4 cxb4 25. axb4 a5 26. bxa5
bxa5 27. Ra4 Rb8 28. Rc4 Bf6 29. d4 Rb4 30. Rxb4 axb4 31. Ke3 Kf8 32. Kd3 Be7
33. Kc4 f6 34. d5 Ke8 35. Nd4 Kd7 36. Nc6 Bf8 37. Nxb4 g5 38. Nd3 h5 39. Kd4
Be7 40. c4 Bd8 41. c5 Ba5 42. Kc4 Bd8 43. d6 h4 44. Kd5 hxg3 45. hxg3 gxf4 46.
gxf4 Ba5 47. c6+ Kc8 48. Ke6 Bc3 49. Ke7 Ba5 50. d7+ Kb8 51. d8=Q+ Bxd8+ 52.
Kxd8 Ka7 53. c7 Kb6 54. c8=Q Kb5 55. Qc5+ Ka6 56. Qb4 Ka7 57. Nc5 Ka8 58. Qb7#
1-0

[Event "East Lansing (MOR/6/9)"]
[Site "?"]
[Date "1995.??.??"]
[Round "?"]
[White "Nicolli, Randy"]
[Black "Blanchard, Robert"]
[Result "1-0"]
[WhiteElo "1755"]
[BlackElo "1645"]
[PlyCount "71"]
[EventDate "1995.??.??"]

{6/(9)} 1. f4 c5 2. b3 d5 3. Bb2 Nc6 4. e3 Nf6 5. Bb5 Bd7 6. Bxc6 Bxc6 7. Nf3
e6 8. O-O Be7 9. d3 b5 10. Ne5 Bb7 11. Nd2 O-O 12. Qe2 Nd7 13. Nxd7 Qxd7 14.
Qg4 g6 15. Nf3 f6 16. h4 Rf7 17. h5 Rg7 18. h6 Rf7 19. Nh4 f5 20. Qg3 Bxh4 21.
Qxh4 Rc8 22. Be5 Qe7 23. Qg3 c4 24. Rfc1 cxd3 25. cxd3 Rff8 26. Qf2 a6 27. Qb2
Qd7 28. a4 Rxc1+ 29. Rxc1 Rc8 30. axb5 Rxc1+ 31. Qxc1 axb5 32. Qc5 Kf7 33. Bb2
Qc6 34. Qd4 Qd7 35. Qg7+ Ke8 36. Qg8+ 1-0

[Event "Grand Rapids (MI Am/1/40)"]
[Site "?"]
[Date "1995.??.??"]
[Round "?"]
[White "Nichols, D."]
[Black "Wright, Eric"]
[Result "0-1"]
[WhiteElo "1605"]
[BlackElo "1605"]
[PlyCount "68"]
[EventDate "1995.??.??"]

{1/(40)} 1. d3 d6 2. b3 c6 3. g3 Nf6 4. f3 e5 5. c4 Be7 6. e4 Bd7 7. h3 O-O 8.
Be3 Na6 9. a3 Nh5 10. Bf2 Qa5+ 11. Qd2 Qxd2+ 12. Nxd2 Nc7 13. Ne2 d5 14. g4 Nf4
15. Nxf4 exf4 16. b4 Rfe8 17. Bg2 Bf6 18. d4 c5 19. e5 cxd4 20. Bxd4 Ne6 21.
O-O Nxd4 22. exf6 Re2 23. Rad1 Ba4 24. Nb3 Nxb3 25. Rxd5 Nd2 26. Rxd2 Rxd2 27.
fxg7 Re8 28. Kh2 Ree2 29. Rg1 Bc6 30. Kh1 Bxf3 31. a4 Bxg2+ 32. Rxg2 Rxg2 33.
c5 Rge2 34. Kg1 Re1# 0-1

[Event "Grand Rapids (MI Am/3/42)"]
[Site "?"]
[Date "1995.??.??"]
[Round "?"]
[White "Nichols, D."]
[Black "Jacobs, Ron"]
[Result "1/2-1/2"]
[WhiteElo "1605"]
[BlackElo "1605"]
[PlyCount "143"]
[EventDate "1995.??.??"]

{3/(42)} 1. e3 c5 2. g3 d6 3. Bg2 g6 4. Ne2 Nf6 5. h3 Bg7 6. c3 O-O 7. d3 Qc7
8. O-O Nc6 9. e4 Bd7 10. g4 Be6 11. f4 Bd7 12. Ng3 e6 13. g5 Ne8 14. h4 f6 15.
h5 fxg5 16. fxg5 Bc8 17. Rxf8+ Bxf8 18. h6 d5 19. Qe1 Bd7 20. Qf2 b6 21. Bf4
Bd6 22. Bxd6 Qxd6 23. Nd2 Nc7 24. Qe3 d4 25. Qe1 Rf8 26. Nc4 Qe7 27. Qe2 b5 28.
Na3 e5 29. Rf1 Rxf1+ 30. Nxf1 Ne6 31. c4 b4 32. Nc2 a5 33. Bh3 Ncd8 34. Bxe6+
Nxe6 35. a3 Nxg5 36. Nh2 Nf7 37. Nf3 Qe6 38. Qg2 Qg4 39. Qxg4 Bxg4 40. Nh2 Bh5
41. Na1 Nxh6 42. Nb3 bxa3 43. bxa3 Be2 44. Nxc5 g5 45. Kf2 Bh5 46. Nb3 a4 47.
Nc5 Ng4+ 48. Nxg4 Bxg4 49. Nxa4 h5 50. Kg3 Bd7 51. Nc5 h4+ 52. Kh2 Bc8 53. a4
g4 54. a5 Kf7 55. a6 Bxa6 56. Nxa6 Ke6 57. Nc7+ Kd6 58. Nd5 Kc5 59. Nf6 Kb4 60.
Nxg4 Kc3 61. Nxe5 Kb4 62. Kh3 Kc3 63. c5 Kb4 64. c6 Kc5 65. c7 Kd6 66. c8=Q
Kxe5 67. Qc5+ Kf4 68. Qxd4 Kf3 69. e5 Ke2 70. e6 Ke1 71. e7 Kf1 72. e8=Q
1/2-1/2

[Event "Detroit (MI Action/5/22)"]
[Site "?"]
[Date "1995.??.??"]
[Round "?"]
[White "Ngu, H."]
[Black "Zarzycki, Amanda"]
[Result "0-1"]
[WhiteElo "1605"]
[BlackElo "1605"]
[PlyCount "76"]
[EventDate "1995.??.??"]

{5/(22)} 1. e4 e5 2. Nf3 Nc6 3. Bc4 Nf6 4. Nc3 Bc5 5. Ng5 O-O 6. O-O Nd4 7. d3
d6 8. Nxf7 Qe7 9. Ng5+ Kh8 10. Nd5 Nxd5 11. Bxd5 Qf6 12. Qh5 h6 13. Nf7+ Rxf7
14. Bxf7 Be6 15. Bg6 Nxc2 16. Rb1 Bxa2 17. Bd2 Bxb1 18. Rxb1 Qxf2+ 19. Kh1 Rf8
20. Rg1 Qxd2 21. Bf5 Bxg1 22. h4 Ne3 23. Qf3 Rf6 24. Kxg1 Qe1+ 25. Kh2 Nf1+ 26.
Kh3 g6 27. Kg4 gxf5+ 28. exf5 Ne3+ 29. Kh5 Rxf5+ 30. Qxf5 Nxf5 31. Kg6 Qf1 32.
Kf6 Nxh4+ 33. Ke6 Qf5+ 34. Kd5 e4+ 35. Kd4 c5+ 36. Kc4 Nxg2 37. dxe4 Qxe4+ 38.
Kb5 Qb4# 0-1

[Event "Detroit (MI Action/2/23)"]
[Site "?"]
[Date "1995.??.??"]
[Round "?"]
[White "Ngu, H."]
[Black "Fleshman, Justin"]
[Result "0-1"]
[WhiteElo "1605"]
[BlackElo "1605"]
[PlyCount "86"]
[EventDate "1995.??.??"]

{2/(23)} 1. e4 e5 2. Nf3 Nc6 3. Nc3 Bc5 4. Bc4 d6 5. d3 Bg4 6. O-O Qf6 7. Nd5
Qd8 8. Qd2 Bxf3 9. gxf3 Nd4 10. f4 Nf3+ 11. Kh1 Nxd2 12. Bxd2 exf4 13. Bxf4 c6
14. Ne3 Bxe3 15. Bxe3 d5 16. Bb3 Nf6 17. exd5 cxd5 18. c4 dxc4 19. dxc4 O-O 20.
Rad1 Qc7 21. h3 Rad8 22. Bd4 Qc6+ 23. Kg1 b6 24. Bxf6 Rxd1 25. Rxd1 Qxf6 26.
Kg2 Rd8 27. Re1 Qxb2 28. Bd1 Qxa2 29. Re2 Qxc4 30. Re3 Qd5+ 31. f3 Qxd1 32. Kg3
Qg1+ 33. Kf4 Rd4+ 34. Re4 Rxe4+ 35. Kxe4 a5 36. f4 a4 37. f5 a3 38. h4 a2 39.
Ke5 a1=Q+ 40. Kd5 Qc3 41. Ke4 Qd1 42. h5 Qce1+ 43. Kf4 Qf1+ 0-1

[Event "Eastpointe (MCO/2/22)"]
[Site "?"]
[Date "1995.??.??"]
[Round "?"]
[White "Neshewat, Michael"]
[Black "Vangilder, W."]
[Result "1/2-1/2"]
[WhiteElo "1875"]
[BlackElo "1605"]
[PlyCount "99"]
[EventDate "1995.??.??"]

{2/(22)} 1. e4 Nc6 2. Nf3 d6 3. d4 Nf6 4. Nc3 Bg4 5. Be2 e6 6. O-O Be7 7. h3
Bh5 8. Be3 O-O 9. Nh2 Bxe2 10. Qxe2 d5 11. e5 Nd7 12. f4 Na5 13. b3 c5 14. dxc5
Bxc5 15. Kh1 Bxe3 16. Qxe3 Nc6 17. Nb5 Qb6 18. Qxb6 Nxb6 19. Nd6 Rab8 20. Rfd1
Nc8 21. Nb5 a6 22. Nd4 N8e7 23. Nhf3 Nxd4 24. Nxd4 Rbc8 25. Rd3 b5 26. a4 b4
27. g3 Nc6 28. Nxc6 Rxc6 29. Rc1 Rfc8 30. Rd2 Rc3 31. Kh2 a5 32. h4 Rxb3 33.
cxb3 Rxc1 34. f5 Kf8 35. fxe6 fxe6 36. Kg2 Ke7 37. Kf2 Rc3 38. Rb2 Kd7 39. g4
Kc6 40. h5 Kc5 41. g5 d4 42. g6 h6 43. Rb1 Rc2+ 44. Kf3 Kd5 45. Rf1 d3 46. Ke3
d2 47. Rf7 d1=Q 48. Rd7+ Kxe5 49. Rxd1 Rc3+ 50. Ke2 1/2-1/2

[Event "Eastpointe (MCO/4/21)"]
[Site "?"]
[Date "1995.??.??"]
[Round "?"]
[White "Neshewat, Michael"]
[Black "Key_Smith, G."]
[Result "0-1"]
[WhiteElo "1875"]
[BlackElo "1735"]
[PlyCount "148"]
[EventDate "1995.??.??"]

{4/(21)} 1. e4 e6 2. d4 d5 3. Nc3 Nf6 4. Bg5 Be7 5. Bxf6 Bxf6 6. exd5 exd5 7.
Bb5+ c6 8. Qe2+ Be6 9. Ba4 O-O 10. O-O-O b5 11. Bb3 a5 12. a4 b4 13. Nb1 Bg5+
14. Nd2 Nd7 15. h4 Bf6 16. Ngf3 Re8 17. Qd3 Nf8 18. Rdg1 Qd7 19. Ng5 Bf5 20.
Qg3 Bxd4 21. h5 c5 22. h6 g6 23. Re1 c4 24. Nxc4 dxc4 25. Bxc4 Ne6 26. Nxe6
Bxe6 27. Bb5 Bxb2+ 28. Kxb2 Qd4+ 29. Kb1 Red8 30. Rd1 Qf6 31. Rxd8+ Rxd8 32.
Qc7 Rc8 33. Qxc8+ Bxc8 34. Re1 Be6 35. Bc4 g5 36. Bd3 Qxh6 37. Re5 Qh1+ 38. Kb2
Qxg2 39. Rxa5 Qxf2 40. Rxg5+ Kf8 41. Rb5 Qd4+ 42. Kb1 h6 43. a5 Bd5 44. a6 h5
45. a7 Bc6 46. Rb8+ Kg7 47. a8=Q Bxa8 48. Rxa8 h4 49. Rc8 b3 50. Rc4 bxc2+ 51.
Kxc2 Qf2+ 52. Kc3 f5 53. Bxf5 Qxf5 54. Rxh4 Qf6+ 55. Rd4 Kg6 56. Kc4 Qc6+ 57.
Kd3 Kf5 58. Rc4 Qb5 59. Kc3 Ke5 60. Rb4 Qa5 61. Kc4 Qa7 62. Rb5+ Ke4 63. Rb4
Qc7+ 64. Kb3+ Kd3 65. Ka4 Qc6+ 66. Ka5 Kc3 67. Rb6 Qc7 68. Ka6 Kc4 69. Rb1 Kd5
70. Rd1+ Ke6 71. Re1+ Kd7 72. Kb5 Qc3 73. Rd1+ Kc7 74. Rd5 Qc6+ 0-1

[Event "Grand Rapids (MI Am/2/44)"]
[Site "?"]
[Date "1995.??.??"]
[Round "?"]
[White "Nemecek, A."]
[Black "Spangler, Richard"]
[Result "1-0"]
[WhiteElo "1605"]
[BlackElo "1605"]
[PlyCount "109"]
[EventDate "1995.??.??"]

{2/(44)} 1. e4 d5 2. exd5 Nf6 3. Nc3 Nxd5 4. Nxd5 Qxd5 5. Nf3 Nc6 6. Be2 Bf5 7.
d4 Nb4 8. Bd3 g6 9. a3 Nxd3+ 10. cxd3 Bg7 11. Be3 Qa5+ 12. b4 Qa6 13. a4 Qxd3
14. Rc1 c6 15. Qxd3 Bxd3 16. Rc3 Be4 17. O-O O-O 18. Re1 Bxf3 19. gxf3 e6 20.
Rc4 a5 21. bxa5 Rxa5 22. Bd2 Rd5 23. Bc3 Rfd8 24. a5 Bxd4 25. Rb1 Bxc3 26. Rxc3
Rd1+ 27. Rxd1 Rxd1+ 28. Kg2 Ra1 29. Rc5 Rb1 30. Rc2 Rb5 31. Ra2 c5 32. Kf1 Kg7
33. Ke2 c4 34. Kd2 Kf6 35. Kc3 Rc5 36. Kb4 Rc7 37. Rc2 c3 38. Rxc3 Rxc3 39.
Kxc3 Ke5 40. Kc4 Kd6 41. Kb5 Kc7 42. Kc5 f6 43. f4 h6 44. f3 h5 45. h3 h4 46.
Kb5 e5 47. fxe5 fxe5 48. Kc5 g5 49. Kd5 g4 50. fxg4 e4 51. Kxe4 Kd6 52. Kf5 Ke7
53. Kg6 Kf8 54. Kh7 Kf7 55. g5 1-0

[Event "Grand Rapids (MI Am/4/36)"]
[Site "?"]
[Date "1995.??.??"]
[Round "?"]
[White "Nemecek, A."]
[Black "Dumas, Steve"]
[Result "0-1"]
[WhiteElo "1605"]
[BlackElo "1605"]
[PlyCount "98"]
[EventDate "1995.??.??"]

{4/(36)} 1. e4 e5 2. Nf3 f5 3. d3 d5 4. exf5 Bxf5 5. Be2 Qe7 6. O-O Nd7 7. Nc3
c6 8. Re1 Ngf6 9. d4 O-O-O 10. dxe5 Ne4 11. Qd4 Qc5 12. Nxe4 dxe4 13. Qxc5 Bxc5
14. Ng5 Nxe5 15. Bf4 h6 16. Bxe5 hxg5 17. Bxg7 Rh7 18. Bf6 Rg8 19. Bc4 Rg6 20.
Be5 b5 21. Bb3 g4 22. g3 Rgh6 23. Bg8 Re7 24. Bf4 Rh8 25. Bb3 Rh3 26. Bg8 Rh8
27. Bb3 a5 28. a4 b4 29. c3 Reh7 30. Be5 Re8 31. Bf4 Bg6 32. h4 gxh3 33. Kh2
Bxf2 34. Re2 e3 35. Bc2 Bxc2 36. Rxc2 e2 37. Bd2 b3 38. Rcc1 Rd7 39. Be1 Be3
40. Rcb1 Bd2 41. Kxh3 Rd3 42. Kg2 Bg5 43. c4 Bd2 44. Bxd2 Rxd2 45. Kf3 Rd3+ 46.
Kf2 Rd2 47. Ke1 Rc2 48. c5 Rh8 49. g4 Rf8 0-1

[Event "Grand Rapids (MI Am/5/16)"]
[Site "?"]
[Date "1995.??.??"]
[Round "?"]
[White "Neely, Richard"]
[Black "Vangilder, W."]
[Result "1/2-1/2"]
[WhiteElo "1605"]
[BlackElo "1605"]
[PlyCount "61"]
[EventDate "1995.??.??"]

{5/(16)} 1. d4 Nf6 2. Bg5 e6 3. e3 d5 4. Nf3 Nbd7 5. c4 c6 6. cxd5 exd5 7. a3
Be7 8. Nc3 Ne4 9. Nxe4 dxe4 10. Bxe7 Qxe7 11. Nd2 O-O 12. Bc4 Nb6 13. Ba2 Kh8
14. O-O Be6 15. Qc2 f5 16. Bxe6 Qxe6 17. f3 exf3 18. Rxf3 Rae8 19. Raf1 Rf6 20.
Qd3 Ref8 21. Kh1 Kg8 22. h3 h6 23. Nb3 Qc4 24. Qxc4+ Nxc4 25. Nc5 Nd2 26. Nd7
Nxf1 27. Nxf6+ Rxf6 28. Rxf1 Re6 29. Re1 Re4 30. g3 g5 31. Kg2 1/2-1/2

[Event "Grand Rapids (MI Am/1/35)"]
[Site "?"]
[Date "1995.??.??"]
[Round "?"]
[White "Neely, Richard"]
[Black "Threloff, R."]
[Result "1-0"]
[WhiteElo "1605"]
[BlackElo "1605"]
[PlyCount "87"]
[EventDate "1995.??.??"]

{1/(35)} 1. d4 Nf6 2. Bg5 d6 3. c4 g6 4. Bxf6 exf6 5. Nc3 Bg7 6. e3 O-O 7. g3
c6 8. Bg2 Nd7 9. Nge2 Nb6 10. b3 Qc7 11. O-O c5 12. Rc1 Bg4 13. Qc2 Bxe2 14.
Qxe2 cxd4 15. exd4 f5 16. Rfd1 Bh6 17. Rb1 a6 18. Qf3 Rab8 19. a4 Nxc4 20. Nd5
Qc8 21. Ne7+ Kh8 22. Nxc8 Nd2 23. Rxd2 Bxd2 24. Nxd6 Rbd8 25. Qd3 Rxd6 26. Qxd2
Rfd8 27. d5 R6d7 28. Rd1 Rc8 29. d6 b5 30. axb5 axb5 31. Rc1 Rxc1+ 32. Qxc1
Rxd6 33. Qc5 Rd1+ 34. Bf1 h5 35. Qxb5 Kg7 36. Kg2 Rd2 37. Qc5 Ra2 38. b4 f6 39.
b5 g5 40. b6 Rb2 41. Qc7+ Kg6 42. b7 Rb4 43. b8=Q Rxb8 44. Qxb8 1-0

[Event "Grand Rapids (MI Am/4/24)"]
[Site "?"]
[Date "1995.??.??"]
[Round "?"]
[White "Neely, Richard"]
[Black "Phalen, Michael"]
[Result "1-0"]
[WhiteElo "1605"]
[BlackElo "1605"]
[PlyCount "61"]
[EventDate "1995.??.??"]

{4/(24)} 1. d4 d5 2. e4 dxe4 3. Nc3 Nf6 4. f3 exf3 5. Qxf3 Bg4 6. Qxb7 Nbd7 7.
Nb5 Rc8 8. Bf4 e5 9. dxe5 Nh5 10. Bg5 Qxg5 11. Qxc8+ Ke7 12. Qxc7 Qh4+ 13. Kd2
Qg5+ 14. Kc3 Qe3+ 15. Bd3 Nf4 16. Qxa7 Qxe5+ 17. Qd4 Nd5+ 18. Kb3 Nc5+ 19.
Qxc5+ Kd8 20. Qd4 Qxd4 21. Nxd4 Bc5 22. Nc6+ Kc7 23. Ne5 Rb8+ 24. Kc4 Kd6 25.
Nxf7+ Ke6 26. Kxc5 Rc8+ 27. Kd4 Nc7 28. Bc4+ Kf5 29. Nd6+ Kf4 30. Nxc8 Bf5 31.
Ne2+ 1-0

[Event "Grand Rapids (MI Am/2/10)"]
[Site "?"]
[Date "1995.??.??"]
[Round "?"]
[White "Neely, Richard"]
[Black "Conlon, Russell"]
[Result "0-1"]
[WhiteElo "1605"]
[BlackElo "1865"]
[PlyCount "66"]
[EventDate "1995.??.??"]

{2/(10)} 1. d4 d6 2. c4 e5 3. d5 f5 4. e3 Nf6 5. Be2 Be7 6. Nf3 O-O 7. O-O Na6
8. Nbd2 c6 9. Nb3 Nc7 10. dxc6 bxc6 11. Bd2 c5 12. Ba5 Qd7 13. Nxe5 dxe5 14.
Qxd7 Bxd7 15. Bxc7 e4 16. Rad1 Ba4 17. Bd6 Bxd6 18. Rxd6 Bxb3 19. axb3 Rab8 20.
Bd1 Rfd8 21. Rc6 Rd2 22. Re1 Rbd8 23. Be2 Rxe2 24. Ra1 Rxb2 25. Rxc5 g6 26. h3
Rd7 27. Rb5 Kg7 28. c5 Rc2 29. b4 Kh6 30. Rba5 Rdd2 31. Rf1 Nd5 32. Ra6 Nxb4
33. Rxa7 Rxc5 0-1

[Event "Troy (TCC Beg/4/6)"]
[Site "?"]
[Date "1995.??.??"]
[Round "?"]
[White "Murray, L."]
[Black "Wright, A."]
[Result "0-1"]
[WhiteElo "1605"]
[BlackElo "1605"]
[PlyCount "98"]
[EventDate "1995.??.??"]

{4/(6)} 1. e4 e5 2. Nf3 Nc6 3. Bb5 Bd6 4. O-O Nf6 5. Qe2 a6 6. Ba4 b5 7. Bb3
Qe7 8. c3 Rb8 9. Rd1 Bb7 10. Bc2 b4 11. d4 bxc3 12. bxc3 O-O 13. Bg5 Na5 14. d5
c6 15. Bxf6 Qxf6 16. Nbd2 Bc8 17. Nb3 Rb5 18. Nxa5 Rxa5 19. Bb3 Re8 20. Rd3 Rc5
21. Nd2 a5 22. a4 Re7 23. Nc4 Ba6 24. Rh3 cxd5 25. Qh5 h6 26. Nxd6 Qxd6 27.
Bxd5 Bc4 28. Rd1 Bxd5 29. exd5 Rxd5 30. Rxd5 Qxd5 31. Qe2 Qb3 32. Qb5 Qxb5 33.
axb5 d5 34. Rd3 d4 35. f3 Rb7 36. cxd4 exd4 37. Rxd4 Rxb5 38. g4 Rb4 39. Rd8+
Kh7 40. Ra8 a4 41. Kg2 Kg6 42. h4 h5 43. gxh5+ Kxh5 44. Kg3 f6 45. f4 Rb3+ 46.
Kf2 a3 47. Ra5+ Kxh4 48. Ra8 Kg4 49. Rh8 Kxf4 0-1

[Event "Troy (TCC Beg/2/6)"]
[Site "?"]
[Date "1995.??.??"]
[Round "?"]
[White "Murray, L."]
[Black "Butler, G."]
[Result "1-0"]
[WhiteElo "1605"]
[BlackElo "1605"]
[PlyCount "47"]
[EventDate "1995.??.??"]

{2/(6)} 1. e4 d5 2. e5 Nc6 3. d4 Nh6 4. Nf3 Bg4 5. Be2 e6 6. O-O Qd7 7. Nc3
O-O-O 8. Nb5 Bb4 9. a3 Ba5 10. b4 Bb6 11. Bxh6 gxh6 12. Nd2 Bxe2 13. Qxe2 Rhg8
14. Nb3 f5 15. Nc5 Bxc5 16. bxc5 Qg7 17. g3 a6 18. Rab1 axb5 19. Qxb5 Nxd4 20.
Qxb7+ Kd7 21. Rb6 Qg4 22. Rd6+ Ke7 23. Qxc7+ Rd7 24. Rxd7+ 1-0

[Event "Eastpointe (MCO/5/34)"]
[Site "?"]
[Date "1995.??.??"]
[Round "?"]
[White "Murphy, L."]
[Black "Nikitin, Matt"]
[Result "1-0"]
[WhiteElo "1605"]
[BlackElo "1605"]
[PlyCount "97"]
[EventDate "1995.??.??"]

{5/(34)} 1. e4 e5 2. Nf3 Nc6 3. Bc4 Nf6 4. d3 Be7 5. O-O O-O 6. Nc3 Bb4 7. Bd2
d6 8. a3 Bxc3 9. Bxc3 Qd7 10. h3 d5 11. Bb5 dxe4 12. Bxc6 Qxc6 13. Nxe5 Qd5 14.
Re1 exd3 15. Qxd3 Qxd3 16. Nxd3 Bf5 17. Bxf6 gxf6 18. Re3 Bxd3 19. Rxd3 Rfe8
20. Rd7 Rac8 21. Kf1 a5 22. Re1 Rxe1+ 23. Kxe1 Kf8 24. Kf1 Ke8 25. Rd5 Rd8 26.
Rxa5 Rd2 27. Rc5 Rd1+ 28. Ke2 Rb1 29. b4 Rg1 30. g3 Kd8 31. Rh5 Ra1 32. Rxh7
Ke7 33. h4 Rxa3 34. h5 Kf8 35. Rh8+ Kg7 36. Rc8 Ra2 37. Rxc7 Kh6 38. g4 Kg5 39.
f3 f5 40. Rc5 Rb2 41. b5 b6 42. Rxf5+ Kh4 43. Kd3 Kg3 44. h6 Ra2 45. Rxf7 Ra4
46. h7 Kf2 47. h8=Q Ke1 48. Re7+ Kd1 49. Qh1# 1-0

[Event "Eastpointe (MCO/1/36)"]
[Site "?"]
[Date "1995.??.??"]
[Round "?"]
[White "Murphy, L."]
[Black "Collins, Charles"]
[Result "0-1"]
[WhiteElo "1605"]
[BlackElo "1715"]
[PlyCount "86"]
[EventDate "1995.??.??"]

{1/(36)} 1. e4 Nf6 2. Nc3 d6 3. b3 g6 4. Nf3 Bg7 5. Bb2 Nxe4 6. Qe2 Nxc3 7.
dxc3 Nc6 8. O-O-O Bf5 9. Kb1 O-O 10. h3 a5 11. g4 Bd7 12. Bg2 a4 13. Nd4 axb3
14. cxb3 Ra5 15. Nxc6 bxc6 16. Rhe1 e6 17. Be4 d5 18. Bc2 Qa8 19. a4 Rb8 20. c4
Bxb2 21. Kxb2 Rxa4 22. Ra1 Qa7 23. Rxa4 Qxa4 24. Rb1 dxc4 25. Qe4 Qa6 26. Kc3
cxb3 27. Bxb3 Qa3 28. Qc2 Qc5+ 29. Bc4 Qe5+ 30. Kd3 Rd8 31. Kd2 c5 32. Bd3 Qd4
33. Ke1 Bc6 34. Kd2 c4 35. Rb4 Qxd3+ 36. Qxd3 Rxd3+ 37. Kc2 Bd5 38. f4 Rxh3 39.
Rb8+ Kg7 40. Rc8 c6 41. g5 Be4+ 42. Kd2 c3+ 43. Kc1 Rh1# 0-1

[Event "Eastpointe (MCO/3/38)"]
[Site "?"]
[Date "1995.??.??"]
[Round "?"]
[White "Murphy, L."]
[Black "Cannon, Gregory"]
[Result "0-1"]
[WhiteElo "1605"]
[BlackElo "1605"]
[PlyCount "112"]
[EventDate "1995.??.??"]

{3/(38)} 1. e4 c5 2. d4 cxd4 3. Qxd4 Nc6 4. Qa4 a6 5. c3 Nf6 6. Nf3 d6 7. h3
Bd7 8. Be2 Na5 9. Qd1 Nxe4 10. Nbd2 Nf6 11. b4 Nc6 12. Bc4 e6 13. O-O Be7 14.
Re1 d5 15. Bb3 O-O 16. Nf1 b5 17. a3 Ne4 18. Bb2 Rc8 19. Bc2 Nd6 20. Qd3 Ne4
21. N1d2 f5 22. a4 Qb6 23. Re2 Bf6 24. a5 Qc7 25. Qe3 Ne5 26. Qb6 Nxf3+ 27.
Nxf3 Bxc3 28. Bxe4 Bxb2 29. Rxb2 fxe4 30. Ng5 Qe5 31. Rba2 Qxg5 32. Qxa6 Rc1+
33. Rxc1 Qxc1+ 34. Kh2 Qc4 35. Rb2 d4 36. Qa7 Bc6 37. a6 e3 38. fxe3 dxe3 39.
Qxe3 Qf4+ 40. Qxf4 Rxf4 41. a7 Rf8 42. Rc2 Bd5 43. Rc5 Bc4 44. Rc6 Ra8 45. Rc7
Bd5 46. Kg3 h6 47. Kh2 Kh7 48. Rc5 Rxa7 49. Rxb5 Rb7 50. Rc5 Rxb4 51. Rc7 Rb2
52. Kg3 Rxg2+ 53. Kh4 Be4 54. Re7 Bf5 55. Rf7 Rh2 56. Rf8 Rxh3# 0-1

[Event "Troy (TCC Res/5/17)"]
[Site "?"]
[Date "1995.??.??"]
[Round "?"]
[White "Munsell, T."]
[Black "Williams, C."]
[Result "1-0"]
[WhiteElo "1605"]
[BlackElo "1605"]
[PlyCount "120"]
[EventDate "1995.??.??"]

{5/(17)} 1. e4 c5 2. Nf3 Nc6 3. Bb5 g6 4. Bxc6 dxc6 5. Nc3 Bg7 6. d3 b5 7. Rb1
b4 8. Ne2 Qa5 9. Ra1 Be6 10. a3 Rd8 11. Nf4 Bg4 12. Ra2 Nf6 13. Qe2 O-O 14. O-O
Qc7 15. axb4 cxb4 16. Bd2 Rd7 17. h3 Bxf3 18. Qxf3 Rfd8 19. Bxb4 Rb8 20. Bc3 e5
21. Ne2 c5 22. b3 Ne8 23. Rfa1 Rb7 24. Qg3 Re7 25. Ra5 Nd6 26. Qe3 Nb5 27. Bb2
Nd4 28. Nxd4 exd4 29. Qg5 Re5 30. Qg3 Qe7 31. Bc1 Bf6 32. Bf4 Bh4 33. Qf3 Re6
34. g3 Bg5 35. Bxg5 Qxg5 36. Qf4 Qe7 37. h4 h5 38. Qg5 Qxg5 39. hxg5 Re5 40. f4
Ree7 41. Rxc5 Rec7 42. Rxc7 Rxc7 43. Rc1 Rc3 44. Kf2 Kf8 45. e5 Ke7 46. Kf3 Rc7
47. Ke4 Rd7 48. b4 Ke6 49. c3 dxc3 50. Rxc3 Ke7 51. d4 Rb7 52. Rc4 Rd7 53. d5
Rb7 54. Kd4 Kd7 55. Kc3 Rc7 56. Rxc7+ Kxc7 57. Kc4 a6 58. Kc5 Kb7 59. e6 fxe6
60. dxe6 Kc7 1-0

[Event "Detroit (MI Team/4/2/4)"]
[Site "?"]
[Date "1995.??.??"]
[Round "?"]
[White "Munsell, T."]
[Black "Mankiewicz, Ryan"]
[Result "0-1"]
[WhiteElo "1605"]
[BlackElo "1900"]
[PlyCount "96"]
[EventDate "1995.??.??"]

{4/2} 1. d4 d5 2. c4 c6 3. cxd5 cxd5 4. Nc3 Nf6 5. Nf3 Nc6 6. Bf4 e6 7. e3 Qb6
8. Qc2 Bb4 9. Be2 Ne4 10. O-O Bxc3 11. bxc3 O-O 12. Nd2 Nxd2 13. Qxd2 Qd8 14.
Rab1 f6 15. Qc2 e5 16. Bg3 exd4 17. cxd4 Ne7 18. Bd3 h6 19. Rb2 b6 20. Bc7 Qd7
21. Bb5 Qe6 22. Qa4 Bb7 23. Bd7 Qf7 24. Rc1 Bc8 25. Bxc8 Rfxc8 26. Rbc2 Qe6 27.
Bg3 Rxc2 28. Rxc2 Rc8 29. Rxc8+ Qxc8 30. h4 Nc6 31. Qb5 Qd7 32. f3 f5 33. Qb3
Qe6 34. Kf2 g5 35. hxg5 hxg5 36. f4 g4 37. Qb1 Nd8 38. Bh4 Nf7 39. Qb4 Nd6 40.
Ke2 Ne4 41. Qe7 Qc6 42. Qe5 Qc2+ 43. Kf1 Qc1+ 44. Be1 Nd2+ 45. Kf2 g3+ 46. Kxg3
Qxe1+ 47. Kh2 Nf1+ 48. Kh3 Qg3# 0-1

[Event "Detroit (CMS Jun/2/2/2)"]
[Site "?"]
[Date "1995.??.??"]
[Round "?"]
[White "Munsell, T."]
[Black "Mahabir, Jagdesh"]
[Result "0-1"]
[WhiteElo "1605"]
[BlackElo "1605"]
[PlyCount "120"]
[EventDate "1995.??.??"]

{2/2} 1. d4 d6 2. e4 Nf6 3. Nc3 g6 4. Nf3 Bg7 5. Bc4 O-O 6. O-O Nc6 7. d5 Ne5
8. Nxe5 dxe5 9. Bg5 Qd6 10. Qd2 e6 11. dxe6 Bxe6 12. Bxe6 Qxe6 13. h3 a6 14.
Rad1 Rad8 15. Qe3 Qc6 16. f3 Rd6 17. Rd3 Rfd8 18. Rfd1 Rxd3 19. Rxd3 Rxd3 20.
Qxd3 h6 21. Be3 Kh7 22. Kh2 Nh5 23. Qd2 g5 24. Nd5 Nf4 25. Nc3 Bf6 26. g3 Ne6
27. Nd5 Bg7 28. c3 Qe8 29. Qd3 Qd8 30. Qe2 c6 31. Nb4 Qa5 32. a3 c5 33. Nd3 Qb5
34. Qd2 b6 35. Qc2 a5 36. a4 Qc6 37. b3 Kg6 38. h4 f6 39. hxg5 hxg5 40. Kg2 Bh6
41. Qa2 g4 42. Qd2 gxf3+ 43. Kxf3 Bxe3 44. Qxe3 Ng5+ 45. Kf2 Nxe4+ 46. Ke1 Nxc3
47. Nxe5+ fxe5 48. Qxc3 Qe4+ 49. Kf2 Qd4+ 50. Qxd4 cxd4 51. Kf3 Kg5 52. g4 d3
53. Ke3 e4 54. Kd2 Kxg4 55. Ke3 Kg3 56. Kd2 Kf3 57. Ke1 d2+ 58. Kxd2 Kf2 59.
Kc3 e3 60. Kc4 e2 0-1

[Event "Troy (US Am N/1/24)"]
[Site "?"]
[Date "1995.??.??"]
[Round "?"]
[White "Munsell, T."]
[Black "Lees, R."]
[Result "0-1"]
[WhiteElo "1605"]
[BlackElo "1900"]
[PlyCount "64"]
[EventDate "1995.??.??"]

{1/(24)} 1. d4 f5 2. Nc3 d5 3. Bf4 Nf6 4. Nb5 Na6 5. Nf3 Bd7 6. e3 c6 7. Nc3 e6
8. Ne5 Qb6 9. Rb1 Be7 10. a3 O-O 11. Bg5 Be8 12. Be2 c5 13. dxc5 Nxc5 14. O-O
Rc8 15. f4 Ncd7 16. Qd3 Bd6 17. Nxd7 Nxd7 18. Rf3 h6 19. Bh4 a6 20. Na4 Qc7 21.
Nc3 Nc5 22. Qd4 Bh5 23. Rg3 Bxe2 24. Nxe2 Ne4 25. Rg6 Qf7 26. Rxh6 gxh6 27. c3
Qh5 28. Bf6 Qxe2 29. Bh8 Rf7 30. Rf1 Kh7 31. Rf3 Rxh8 32. Rg3 Qe1# 0-1